| 000 | 00706nam a22002057a 4500 | ||
|---|---|---|---|
| 999 |
_c1312 _d1312 |
||
| 003 | AR-CdUCM | ||
| 008 | 190226b ||||| |||| 00| 0 spa d | ||
| 020 | _a9992200790 | ||
| 040 |
_aMUNICIPALIDAD PROVINCIAL DEL CUSCO _cBIBLIOTECA MUNICIPAL DEL CUSCO |
||
| 082 |
_a863.6 / _bB81 |
||
| 100 |
_aBrañas, César _95047 |
||
| 245 |
_aPoesía esencial : _bantología / |
||
| 260 |
_aGuatemala: _bMinisterio de cultura y deportes, _beditorial cultura, _c2004. |
||
| 300 |
_a532 páginas ; _c21 cm. |
||
| 440 |
_aColección de poesía guatemalteca. _nSerie Rafael Landívar. _n20 _95048 |
||
| 650 |
_aPoesía guatemalteca _95049 |
||
| 650 |
_aLiteratura guatemalteca _95050 |
||
| 942 |
_2ddc _cLIBROS |
||
| 945 | _azta | ||